Terra sigillata : la ceramica a rilievo ellenistica e romana /

Další autoři: Comfort, H.
Jazyk: Italština
Vydáno: Roma : Istituto della Enciclopedia Italiana, [1960?]
Témata:
Fyzický popis: 71 stran
Knihy
Uloženo v:
LEADER 01139nam a22003492i 4500
001 001526504
003 CZ BrMZK
005 20160901164331.0
007 ta
008 160513s1960 it er|||||||||||ita d
040 |a BOA001  |b cze  |e rda 
072 7 |a 666  |x Sklářství. Keramika. Cement  |2 Konspekt  |9 19 
080 |a 666.3/.7(37)  |2 MRF 
080 |a 738  |2 MRF 
080 |a 7.032(37/38)  |2 MRF 
080 |a (048.8)  |2 MRF 
245 0 0 |a Terra sigillata :  |b la ceramica a rilievo ellenistica e romana /  |c H. Comfort 
264 1 |a Roma :  |b Istituto della Enciclopedia Italiana,  |c [1960?] 
300 |a 71 stran 
336 |a text  |b txt  |2 rdacontent 
337 |a bez média  |b n  |2 rdamedia 
338 |a svazek  |b nc  |2 rdacarrier 
504 |a Obsahuje bibliografie 
650 0 7 |a terra sigillata  |7 ph412787  |2 czenas 
650 0 7 |a keramika  |7 ph121575  |2 czenas 
650 0 7 |a antické umění  |7 ph137436  |2 czenas 
655 7 |a monografie  |7 fd132842  |2 czenas 
700 1 |a Comfort, H.  |4 aut 
910 |a BOA001  |b M4-0992.096 
990 |a BK 
991 |b 201605 
996 7 |b 2619155877  |c M4-0992.096  |l MZK  |r Sklad / do 24 hodin  |n 0  |w 001561536  |u 000010  |a 1  |e BOA001  |j MZK50  |s A